[Event "Cannes op"]
[Site "Cannes"]
[Date "1990.??.??"]
[Round "6"]
[White "Geiser, Alexander"]
[Black "Bonnafous, Michel"]
[Result "1-0"]
[WhiteElo "2045"]
[BlackElo "2000"]
[PlyCount "97"]
[EventDate "1990.02.??"]
[EventType "swiss"]
[EventRounds "9"]
[EventCountry "FRA"]
[SourceTitle "EXT 1997"]
[Source "ChessBase"]
[SourceDate "1996.11.15"]
[SourceVersion "1"]
[SourceVersionDate "1996.11.15"]
[SourceQuality "1"]

1. d4 f5 2. Bg5 g6 3. Nc3 d5 4. e3 Bg7 5. Bd3 Nf6 6. Nf3 Be6 7. Ne2 Nbd7 8. c3 0-0 9. Qc2 Ne4 10. h4 c6 11. Bf4 Ndf6 12. Ng5 Qd7 13. f3 Nd6 14. 0-0-0 b5 15. Ng3 h5 16. Ne2 a5 17. g4 hxg4 18. fxg4 Nxg4 19. Rdg1 Ne4 20. Bxe4 dxe4 21. h5 a4 22. Kb1 Bc4 23. Nc1 Rf6 24. h6 Bh8 25. h7+ Kf8 26. Rh4 Ke8 27. Nxe4 Rf8 28. Nc5 Qc8 29. e4 b4 30. e5 b3 31. Qd2 bxa2+ 32. Nxa2 Rb8 33. Nb4 Rb5 34. Bh6 Rf7 35. Qg5 Nxh6 36. Rxh6 f4 37. Qxg6 Qf5+ 38. Qxf5 Rxf5 39. Rhg6 Rxc5 40. dxc5 f3 41. e6 Rf8 42. Rg8 Bxe6 43. Rxf8+ Kxf8 44. Rf1 Bg4 45. Nxc6 e5 46. Kc1 e4 47. Kd2 Bh3 48. Rf2 Bf6 49. Rh2 1-0

[Event "Cannes op"]
[Site "Cannes"]
[Date "1990.??.??"]
[Round "9"]
[White "Geiser, Alexander"]
[Black "Pivard, Jean Louis"]
[Result "1/2-1/2"]
[WhiteElo "2045"]
[BlackElo "2150"]
[PlyCount "42"]
[EventDate "1990.02.??"]
[EventType "swiss"]
[EventRounds "9"]
[EventCountry "FRA"]
[SourceTitle "EXT 1997"]
[Source "ChessBase"]
[SourceDate "1996.11.15"]
[SourceVersion "1"]
[SourceVersionDate "1996.11.15"]
[SourceQuality "1"]

1. d4 Nf6 2. Nf3 c5 3. dxc5 e6 4. e3 Bxc5 5. a3 a5 6. b3 0-0 7. Bb2 b6 8. Be2 Bb7 9. 0-0 d5 10. Nbd2 Nbd7 11. c4 Rc8 12. cxd5 exd5 13. Nd4 Ne4 14. Nxe4 dxe4 15. Nf5 Nf6 16. Bc4 Qxd1 17. Rfxd1 Rc6 18. Rd2 Bc8 19. Nd4 Rd6 20. Rad1 Rfd8 21. h3 Ne8 1/2-1/2

[Event "Cannes op"]
[Site "Cannes"]
[Date "1990.??.??"]
[Round "5"]
[White "Marchand, Francois"]
[Black "Geiser, Alexander"]
[Result "1/2-1/2"]
[WhiteElo "2060"]
[BlackElo "2045"]
[PlyCount "120"]
[EventDate "1990.02.??"]
[EventType "swiss"]
[EventRounds "9"]
[EventCountry "FRA"]
[SourceTitle "EXT 1997"]
[Source "ChessBase"]
[SourceDate "1996.11.15"]
[SourceVersion "1"]
[SourceVersionDate "1996.11.15"]
[SourceQuality "1"]

1. d4 Nf6 2. c4 c5 3. d5 b5 4. Nf3 d6 5. Qc2 g6 6. e4 Nbd7 7. a4 bxc4 8. Bxc4 Bg7 9. h3 0-0 10. a5 Ne8 11. 0-0 Nc7 12. Qe2 Rb8 13. Ra2 Ne5 14. Nxe5 Bxe5 15. Nc3 Bd7 16. Be3 Rb4 17. f4 Bg7 18. e5 Qb8 19. Rf2 Nb5 20. e6 fxe6 21. dxe6 Bc6 22. Nd5 Bxd5 23. Bxd5 Nd4 24. Qd3 Nf5 25. Bd2 Rd4 26. Qf3 Nh4 27. Qg4 Rxd5 28. Qxh4 Bf6 29. Qg3 Bxb2 30. Bc3 Bxc3 31. Qxc3 Qc8 32. Qe3 Rf6 33. Rae2 Qa6 34. g4 Rd3 35. Qe4 Rxh3 36. f5 Qd3 37. Qa4 Qb1+ 38. Rf1 Rg3+ 39. Rg2 Rxg2+ 40. Kxg2 Qb7+ 41. Kg3 Rf8 42. Rf2 Rb8 43. Qf4 Qb3+ 44. Rf3 Qd1 45. fxg6 Qe1+ 46. Kh3 Qxe6 47. gxh7+ Kxh7 48. Qf7+ Qxf7 49. Rxf7+ Kg6 50. Rxe7 Kg5 51. Rxa7 Rb3+ 52. Kg2 Kxg4 53. Rd7 Rb2+ 54. Kf1 Kf3 55. Ke1 Ke3 56. Rxd6 Ra2 57. Kd1 Rxa5 58. Kc2 Ke4 59. Kc3 Ra4 60. Rd8 Rd4 1/2-1/2